Kultura regionu w zainteresowaniach nauczycieli niemieckich
| Titel: | Kultura regionu w zainteresowaniach nauczycieli niemieckich : Miejsce Theophila Konietznego |
|---|---|
| Verfasser: | |
| In: |
Ziemia Prudnicka, Band 3 (2003), Seite 144-153, il. 4 alle Artikel anzeigen |
| Veröffentlicht: | 2003 |
| Format: | Aufsatz |
| Sprache: | Polnisch |
X
alg: 39283472 001A $01999:11-11-16 001B $03025:24-04-24 $t14:06:10.000 001D $01999:11-11-16 001U $0utf8 001X $00 002@ $0Aox 003@ $0392834723 007A $0392834723 $aHEB 007T $0Herdc0063993m 010@ $apol 011@ $a2003 021A $aKultura regionu w zainteresowaniach nauczycieli niemieckich $dMiejsce Theophila Konietznego 027A $aKultur der Region als Interesse der deutschen Lehrer. Der Platz von Theophil Konietzny 028A $7 $8Młynarska, Henryka [Tnd] $9273621955 031A $d3 $h144-153, il. 4 $j2003 037A $aBetr. Alfred Kosian, Joseph Strecke und Theophil Konietzny. Zuvor in: Jerzy Pośpiech (Red.): Aus der Geschichte und dem Schaffen der schlesischen Folkloristik (bis 1939).Oppeln 2002, 165-177 037A $aDot. Alfreda Kosiana, Josepha Streckego i Theophila Konietznego. Wcześniej w: Jerzy Pośpiech (red.): Z dziejów i dorobku folklorystyki śląskiej (do 1939 roku). Opole 2002, 165-177039B $aIn $8--Abvc--. Ziemia Prudnicka. - Prudnik : Spółka Wydawn. "Aneks", 2002-. - ISSN 1642-977X $x200300000030000856 $9112106501 044K $71327329522 $8Kosian, Alfred [Tp3] $9517437627 044K $71327326337 $8Strecke, Joseph$Z1859-1935 [Tp3] $9517437031 044K $#Enden, Theophil $#Konietzny, Th. $7115523782 $8Konietzny, Theophil$Z1881-1946 [Tp1] $9149714408 045F $a307.09438 $eDDC23BSB 045F/01 $a307.09 045F/03 $g438 045F/03 $g4385 045T $a7,41 046C $aKultur der Region als Interesse der deutschen Lehrer. Der Platz von Theophil Konietzny $bÜbers. des Hauptsacht. lok: 39283472 78 exp: 39283472 78 1 #EPN 201B/01 $024-04-24 $t13:52:42.000 201U/01 $0utf8 203@/01 $0788944940 208@/01 $a11-11-16 $be 209A/01 $a/ $f000 $x00 220C/01 $aTitelaufnehmer: KS 220C/01 $aHerkunft: IH UWr 244Z/01 $2Trx $#Silesia $#Śląsk $#Sliezsko $#Slezsko $8--Trx--Schlesien $x01 $9391173987 244Z/01 $2Trx $#Poola $#Lenkija $#Polija $#Polen Land $#Poland $#Lengyelország $#Poľsko $#Polsko $8--Trx--Polska$gkraj $x02 $9391345966 244Z/01 $#Oberglogau $75057306-8 $8--Tg1--Głogówek $x03 $9044719264 244Z/01 $aGeschichte 1859-1946 $x04 244Z/01 $2Trx $8--Trx--Strecke, Joseph$Z1859-1935 $x05 $9390550361 244Z/01 $2Trx $8--Trx--Kosian, Alfred $x06 $9390611697 244Z/01 $#Enden, Theophil $#Konietzny, Th. $7115523782 $8--Tp1--Konietzny, Theophil$Z1881-1946 $x07 $9149714408 244Z/01 $2Trx $#koduloouurijad $#kraštotyrininkai $#Researcher of local geography and history $#regionális földrajz- és történelemkutatók $#regionaliści $#regionalisti $#pracovníci vlastivědní $#regionalisté $8--Trx--Heimatforscher $x08 $9391371177 244Z/01 $2Trx $8--Trx--Zeitschriftenaufsatz $x09 $9391384341 245Z/01 $a13.03 $x01 245Z/01 $a11.04 $x02 247C/01 $82080>Marburg/Lahn, Herder-Institut, Forschungsbibliothek, Bibliographieportal $9336309341
| LEADER | 00000caa a22000002c 4500 | ||
|---|---|---|---|
| 001 | 392834723 | ||
| 003 | DE-603 | ||
| 005 | 20240424140610.0 | ||
| 007 | tu | ||
| 008 | 161111s2003 xx |||| | u00||u|pol c | ||
| 035 | |a (DE-599)HEB392834723 | ||
| 040 | |a DE-603 |b ger |c DE-603 |d DE-603 | ||
| 041 | |a pol | ||
| 082 | 0 | 4 | |8 1\u |a 307.09438 |q DE-101 |2 23/BSB |
| 084 | |a 7,41 |2 ssgn | ||
| 085 | |8 1\u |b 307.09 | ||
| 085 | |8 1\u |z 2 |s 438 | ||
| 085 | |8 1\u |z 2 |s 4385 | ||
| 100 | 1 | |a Młynarska, Henryka |0 (DE-603)273621955 | |
| 245 | 0 | 0 | |a Kultura regionu w zainteresowaniach nauczycieli niemieckich |b Miejsce Theophila Konietznego |
| 246 | 1 | |i Übers. des Hauptsacht. |a Kultur der Region als Interesse der deutschen Lehrer. Der Platz von Theophil Konietzny | |
| 246 | 1 | 3 | |a Kultur der Region als Interesse der deutschen Lehrer. Der Platz von Theophil Konietzny |
| 264 | 0 | |c 2003 | |
| 500 | |a Betr. Alfred Kosian, Joseph Strecke und Theophil Konietzny. Zuvor in: Jerzy Pośpiech (Red.): Aus der Geschichte und dem Schaffen der schlesischen Folkloristik (bis 1939).Oppeln 2002, 165-177 | ||
| 500 | |a Dot. Alfreda Kosiana, Josepha Streckego i Theophila Konietznego. Wcześniej w: Jerzy Pośpiech (red.): Z dziejów i dorobku folklorystyki śląskiej (do 1939 roku). Opole 2002, 165-177 <pol> | ||
| 600 | 1 | 7 | |a Kosian, Alfred |0 (DE-588)1327329522 |0 (DE-603)517437627 |2 gnd |
| 600 | 1 | 7 | |a Strecke, Joseph |d 1859-1935 |0 (DE-588)1327326337 |0 (DE-603)517437031 |2 gnd |
| 600 | 1 | 7 | |a Konietzny, Theophil |d 1881-1946 |0 (DE-588)115523782 |0 (DE-603)149714408 |2 gnd |
| 773 | 0 | 8 | |i In |t Ziemia Prudnicka |d Prudnik : Spółka Wydawn. "Aneks", 2002- |x 1642-977X |g Band 3 (2003), Seite 144-153, il. 4 |w (DE-603)112106501 |w (DE-600)2111590-4 |
| 924 | 0 | |9 2080 |a (DE-603)788944940 |b DE-2080 |c HES |d d |g / | |


